Más hat-tricks (tripletes) en LaLiga en el siglo XXI - Estadísticas

Estadísticas generales
  • Esta prueba ha sido intentada 66 veces
  • La puntuación promedio es 5 de 10
Estadísticas de respuestas
Respuesta % Correcto
Cristiano Ronaldo
100%
Lionel Messi
100%
Karim Benzema
95%
Luis Suarez
93%
Antoine Griezmann
71%
Alexander Sorloth
29%
Gonzalo Higuain
19%
Roberto Soldado
19%
Diego Tristan
10%
Patrick Kluivert
2%
No se encontraron pruebas coincidentes
Distribución de puntuación
Porcentaje de gente con cada puntuación
Porcentaje por número respondido
Historial de tus puntuaciones
No has intentado esta prueba.